Prophètes du Coran (Islam) - Statistiques

Statistiques générales
  • Ce quiz a été pris 2 262 fois
  • Le résultat moyen est 15 sur 25
Statistiques - réponses
Ordre chronologique Réponse % Correct
25 Mohammed/ Muhammad
97%
24 Jésus/ Issa
94%
1 Adam
93%
6 Abraham/ Ibrahim
89%
14 Moise/ Moussa
88%
3 Noé/ Nouh
85%
11 Joseph/ Youssouf
79%
10 Jacob/ Yaqoub/ Israel
70%
8 Ismaël/ Ismail
68%
18 Salomon/ Soulayman
63%
9 Isaac/ Isshaq
59%
21 Jonas/ Younouss
56%
7 Lot/ Loth
56%
2 Idriss/ Enoch
54%
17 David/ Dawoud
53%
23 Jean le Baptiste/ Yahya
48%
12 Job/ Ayoub
48%
22 Zacharie/ Zakariya
46%
15 Aaron/ Haroun
45%
4 Houd
42%
5 Salih/ Saleh
41%
19 Elie/ Ilyas
35%
13 Jethro/ Chouayb
25%
20 Elisée/ Al Yassa
19%
16 Ezekiel/ Dhoul Kifl
19%
Aucun quiz correspondant
Distribution des résultats
% des personnes avec chaque résultat
Percentile par nombre de réponses
Votre historique - résultats
Vous n’avez pas pris ce quiz